Handbook on impact evaluation (Record no. 213959)
[ view plain ]
| 000 -LEADER | |
|---|---|
| fixed length control field | 01322nam a2200325Ia 4500 |
| 100 1# - MAIN ENTRY--AUTHOR NAME | |
| Personal name | Khandker, Shahidur R. |
| 245 10 - TITLE STATEMENT | |
| Title | Handbook on impact evaluation |
| 260 ## - PUBLICATION, DISTRIBUTION, ETC. (IMPRINT) | |
| Place of publication | Washington, DC : |
| Name of publisher | World Bank, |
| Year of publication | 2010. |
| 300 ## - PHYSICAL DESCRIPTION | |
| Number of Pages | xx, 239 p. |
| 650 #0 - SUBJECT ADDED ENTRY--TOPICAL TERM | |
| Topical Term | Economic development projects |
| Topical Term | Economic assistance |
| 700 1# - ADDED ENTRY--PERSONAL NAME | |
| Personal name | Koolwal, Gayatri B. |
| Personal name | Samad, Hussain A., |
| 856 40 - ELECTRONIC LOCATION AND ACCESS | |
| Uniform Resource Identifier | http://site.ebrary.com/lib/rucke/Doc?id=10369843 |
No items available.
